|
|
|
|
| LEADER |
01426nam a22002897a 4500 |
| 001 |
34925 |
| 003 |
BD-DhAAL |
| 005 |
20230206114612.0 |
| 008 |
190725t2019 bg |||| |||| 00| p ben d |
| 020 |
|
|
|a 97898491396155
|
| 041 |
|
|
|a ben
|
| 082 |
|
|
|a 891.441
|2 23
|
| 100 |
|
|
|a কাদরী, শহীদ
|9 33135
|
| 245 |
|
|
|a কবিতাসমগ্র /
|c শহীদ কাদরী ; ভূমিকা নাজমুন নেসা পিয়ারি
|
| 250 |
|
|
|a পরিমার্জিত সংস্করণ
|
| 260 |
|
|
|a ঢাকা :
|b নবযুগ,
|c ২০১৯
|
| 300 |
|
|
|a ২০৮ পৃষ্ঠা :
|b চিত্র ;
|c ২২ সে.মি.
|
| 526 |
|
|
|a Residential Campus
|
| 541 |
|
|
|a Development Book Agency
GenEd (Residential Campus)
|e 34925, 40809
|
| 650 |
|
|
|a Bengali poetry.
|9 33112
|
| 650 |
|
|
|a Bengali literature.
|
| 700 |
|
|
|a পিয়ারি, নাজমুন নেসা
|9 33136
|
| 852 |
|
|
|a Savar Campus Library
|c General Stacks
|
| 942 |
|
|
|2 ddc
|c BK
|
| 999 |
|
|
|c 40995
|d 40995
|
| 952 |
|
|
|0 0
|1 0
|2 ddc
|4 0
|6 891_441000000000000_QUA
|7 0
|9 65771
|a SCL
|b SCL
|c GEN
|d 2019-07-17
|e Development Book Agency
|g 264.00
|l 2
|m 2
|o 891.441 QUA
|p 3020034925
|r 2023-10-09
|s 2023-10-09
|t 1
|v 264.00
|w 2019-07-17
|y BK
|
| 952 |
|
|
|0 0
|1 0
|2 ddc
|4 0
|6 891_441000000000000_QUA
|7 0
|9 72973
|a SCL
|b SCL
|c GEN
|d 2023-01-15
|e Development Book Agency
|g 306.00
|l 0
|o 891.441 QUA
|p 3020040809
|r 2023-01-15
|t 1
|v 306.00
|w 2023-01-15
|y BK
|